000 00445nam a2200181Ia 4500
001 8223
005 20260306160553.0
008 260306t2016||||xx |||||||||||||| ||spa||
041 _aESP
082 _a370.15
_bP84
100 _aPrados Gallardo, María del Mar
_eAUT
245 0 _aManual de psicología de la educación
260 _c2016
300 _a255 páginas :
_c24 cm.
650 _aGEN
654 _aCED
942 _cLIB
_dJUS
_fJUS
_2ddc
_n
999 _c8223
_d8223